00671nam a22001937a 450000500170000001000150001702000260003203500140005803700130007208200180008510000240010324501000012726000410022727001180026830000250038650000190041170000240043070000230045420191210113739.0 aENG-127044 c749.00a9789389552430 aEN-110576 bDBAD/PUB a658.834213th aSolomon, Michael R. aConsumer behaviour :cby Michael R. Solomon [and] Tapan Kumar Pandabbuying, having and being / aNoidabPearson India Educationc2020 a15th Floor, Tower-B, World Trade Tower, Plot No.1, Block-C, Sector 16bNoida, Uttar Pradeshe201301k044-66540100 axix;716p.c25cm(pbk) aIncludes index aSoloman, Michael R. aPanda, Tapan Kumar